00767 2200241 4500001002100000005001700021008004100038020002200079035002500101040001200126082002000138084002600158100001800184245010900202250001100311260007600322300003500398650003200433700001100465700001900476850001200495990001800507INLIS00000000002051520160530154051.0  a978-979-19634-8-0 a0010-051600000000949 aYOPDYOG 223a298.2598167 aNUS 298.2598167 Akh K aAKHMAD ELVIAN aKumpulan cerita rakyatb: kera & lutung berebut kelakakc/ Akhmad Elvian, Suhada; Editor; Willy Siswanto aCet. 2 aPangkal PinangbDinas Kebudayaan, Pariwisata, Pemuda dan Olahragac2014 axvi,136 hlm.b: ilus.c; 21 cm aCerita Rakyat-Pangkalpinang aSUHADA aWILLY Siswanto aYOPDYOG a46192-PD/B.15